Antonii Genuensis in regia Neapolitana Academia primum Ethices, postea Economices Professoris disciplinarum metaphysicarum elementa, mathematicum in morem adornata (Record no. 8599)

MARC details
000 -CABECERA
campo de control de longitud fija 00999nam a2200205 a 4500
001 - NÚMERO DE CONTROL
campo de control BRCA_8948
005 - FECHA Y HORA DE LA ÚLTIMA TRANSACCIÓN
campo de control 20190320210453.0
008 - DATOS DE LONGITUD FIJA--INFORMACIÓN GENERAL
campo de control de longitud fija 030717s1785----sp-#######---#000-0#lat-#
041 ## - CÓDIGO DE LENGUA
Código de lengua del texto/banda sonora o título independiente lat
084 ## - OTRO NÚMERO DE CLASIFICACIÓN
Número de clasificación LE41
Número de documento/Ítem .G46 1785
100 1# - ENTRADA PRINCIPAL--NOMBRE DE PERSONA
Nombre de persona Genovesi, Antonio
9 (RLIN) 22239
245 10 - MENCIÓN DE TÍTULO
Título Antonii Genuensis in regia Neapolitana Academia primum Ethices, postea Economices Professoris disciplinarum metaphysicarum elementa, mathematicum in morem adornata
Resto del título editio novissima, ab ipso Auctore, rejectis omnibua anterioribus Editionibus et tanquam non suis reputatis, omnino reformata, perpetuis additionibus locupletata, et nunc primum in quinque tomos divisa: tomus primus.
260 ## - PUBLICACIÓN, DISTRIBUCIÓN, ETC.
Lugar de publicación, distribución, etc. Bassani
Nombre del editor, distribuidor, etc. prostant Venetiis apud Remondini
Fecha de publicación, distribución, etc. 1785
300 ## - DESCRIPCIÓN FÍSICA
Extensión 299 p. (t.1)
Dimensiones 18.8 x 12.4 cm
500 ## - NOTA GENERAL
Nota general Superiorum permissu, ac Privilegio
500 ## - NOTA GENERAL
Nota general Estado físico: presenta encuadernación en pergamino con cintas rotas
650 14 - PUNTO DE ACCESO ADICIONAL DE MATERIA--TÉRMINO DE MATERIA
Término de materia o nombre geográfico como elemento de entrada Metafísica
Subdivisión cronológica Obras anteriores a 1800
9 (RLIN) 22240
902 ## - CATALOGADOR
Iniciales CFM
942 ## - ELEMENTOS DE PUNTO DE ACCESO ADICIONAL (KOHA)
Fuente del sistema de clasificación o colocación Library of Congress Classification
Tipo de ítem Koha Libros
Holdings
Estado de retiro Estado de pérdida Estado dañado No para préstamo Localización permanente Ubicación/localización actual Fecha de adquisición Total de préstamos Signatura topográfica completa Código de barras Fecha visto por última vez Precio válido a partir de Tipo de ítem Koha
El ejemplar forma parte de la colección y puede ser consultado según las políticas vigentes.       Biblioteca del Museo Franz Mayer (Rogerio Casas-Alatriste) Biblioteca del Museo Franz Mayer (Rogerio Casas-Alatriste) 03/07/2017   LE41 .G46 1785 CFM00271 22/03/2019 22/03/2019 Libros